Nota peperiksaan : SPM geografi manusia

Bibliographic Details
Main Author: Huzairi bin Harun
Other Authors: Faudziah bt Bedu
Format: Book
Published: Petaling Jaya : Preston , 1995
Subjects:

MARC

LEADER 00000cam a2200000 7i4500
001 0000006087
002 000006577
005 20000330.0
020 |a 9679173461 
090 0 0 |a 304.2   |b HUZ 
100 0 |a Huzairi bin Harun 
245 1 0 |a Nota peperiksaan :   |b SPM geografi manusia   |c Huzairi bin Harun dan Faudziah bt.Bedu 
260 |a Petaling Jaya :   |b Preston ,   |c 1995 
300 |a 436p. ;   |c 28cm. 
650 0 0 |a Geography   |x SPM 
700 0 |a Faudziah bt Bedu 
999 |a 033352   |b BUKU   |c RUJUKAN   |e PERPUSTAKAAN KOMUNITI PETALING JAYA 
999 |a 033353   |b BUKU   |c PINJAMAN   |e PERPUSTAKAAN KOMUNITI PETALING JAYA 
999 |a 033354   |b BUKU   |c RUJUKAN   |e PERPUSTAKAAN KOMUNITI PETALING JAYA 
999 |a 038218   |b BUKU   |c PINJAMAN   |e PERPUSTAKAAN KOMUNITI PETALING JAYA 
999 |a 038219   |b BUKU   |c PINJAMAN   |e PERPUSTAKAAN KOMUNITI PETALING JAYA 
999 |a 045788   |b BUKU   |c PINJAMAN   |e PERPUSTAKAAN KOMUNITI PETALING JAYA 
999 |a 045789   |b BUKU   |c PINJAMAN   |e PERPUSTAKAAN KOMUNITI PETALING JAYA